Politický odkaz a morálny záväzok Slovenského národného povstania

Bibliographic Details
Format: Article
Language:Slovak
Subjects:

MARC

LEADER 00000nab a2200000 a 4500
001 vtls000358428
003 SK-MaSNL
005 20260302223648.0
008 180409c1989 xo 0 slo
015 |a SNBRB19rr/mm-uuuuu 
035 |a CL0358550 
040 |a SNKBUCL  |b slo  |c SNKBUCL  |e AACR2 
041 0 |a slo 
044 |a xo  |c SK 
080 |a 323.269.6(437.6)  |2 1981 
080 |a 943.76  |2 1981 
245 0 0 |a Politický odkaz a morálny záväzok Slovenského národného povstania 
650 0 7 |a Slovenské národné povstanie (1944)  |2 snkbucl  |9 177948 
655 7 |a články z novín a časopisov  |2 snkbucl  |9 267496 
773 0 |t Život strany  |g Č. 17 (1989), s. 3-4 
850 |a Slovenská národná knižnica v Martine  |a MTA001 
852 |a SNK  |b KIS3GCP 
958 |a RK 
992 |a RBX 
999 |c 1521297  |d 1523227